Poesías completas / [por] Gaspar Núñez de Arce ; pról. de Arturo Souto Alabarce

Zapisane w:
Opis bibliograficzny
1. autor: Núñez de Arce, Gaspar (autor)
Format: Książka
Seria:Sepan Cuantos ; 356
Hasła przedmiotowe:
Etykiety: Dodaj etykietę
Nie ma etykietki, Dołącz pierwszą etykiete!

MARC

LEADER 00000nam^a2200000^u^4500
001 000545084
005 20260320000000.0
008 060220s1000^^^^^^^^^^^^r^^^^^000^0^spa^d
009 20260407174727.866
035 |a FMI 000014446 
037 |a Acervo Xavier Clavigero 
096 |a 2.4/356/C 
100 |a Núñez de Arce, Gaspar  |e (autor) 
245 1 0 |a Poesías completas / [por] Gaspar Núñez de Arce ; pról. de Arturo Souto Alabarce 
264 |a México : Porrúa, 1982 
300 |a 250 p. 
336 |a texto  |b txt  |2 rdacontenido 
337 |a sin mediación  |b n  |2 rdamedio 
338 |a volumen  |b nc  |2 rdasoporte 
440 0 |a Sepan Cuantos ; 356 
649 |a XX 
650 |a SEPAN CUANTOS (356) 
910 |a Fondo Francisco Migoya Covarrubias S.J. 
920 |a Impresos - Libros 
930 |a Fondos Especiales 
940 |a Literatura 
905 |a 134 
901 |a SBC10766  |b IT2  |c ESP  |u 20250521 
902 |a https://opac.biblio.iteso.mx/vufind/Record/000545084